000 00814nam a2200193 i 4500
001 bg
100 1 _aGłuszek, Józef.
245 1 0 _aRole des films passifs dans le processus de corrosion sous contrainte des aciers inoxydables 18-10 dans les solutions chlorurees chaudes /
_cJózef Głuszek.
260 _aWrocław :
_bWydawn. Polit. Wrocł.,
_c1982.
300 _as. 114 :
_brys., tab.
490 1 _aPrace Naukowe Instytutu Technologii Nieorganicznej i Nawozów Mineralnych / Politechnika Wrocławska ;
_vNr 23
504 _a[Zawiera bibliogr. s. 98-106].
830 0 _aPrace Naukowe Instytutu Technologii Nieorganicznej i Nawozów Mineralnych - Politechnika Wrocławska ;
_vNr 23
040 _cBPK
041 _apol
080 _a669.1:620.193
942 _cKS
008 s pl f |000 0 pol
999 _c20915
_d20915
856 _uhttp://koha.tu.koszalin.pl/cgi-bin/koha/opac-detail.pl?biblionumber=20915
_yKatalog online BPK